MDQL
is popping MORE tags! Check the
thread
!
Quizzes
Events
Quiz Creation
Community
Videos
Private Events
Remove Ads
Sign In
Join for FREE
Feedback
Dark Mode
Quiz Categories
Sports
Geography
Music
Movies
Television
Just For Fun
Miscellaneous
History
Literature
Language
Science
Gaming
Entertainment
Religion
Holiday
For Kids
Quiz Lab
Recent
Popular Today
Quiz Kudos Today
Editor Picks
Curator Picks
Quizzes by...
Day
Popularity
Type
Ratings
Length
Year
Community
Subscriptions
Recent Discussions
Orange Saloon
Badges
Playlists
Quests
Create
Leaderboards
Showdown
Live 5
Trivia Bingo
Activity
Puzzle Library
Sporcle Events
Private Events
Virtual Trivia
Globe League
Become a Host
Pub Owners
SporcleCon
Opinionation
Our Games
Videos
Blog
Mobile Apps
Partnerships
Remove Ads and Go Orange
Feedback
Geography
Country
Landmarks
City
State
Population
World
Capital
Continent
Flags
Europe
Africa
Asia
South America
North America
Oceania
Border
Canada
United Kingdom
Topography
United States
Geography
Country
Landmarks
City
State
Population
World
Capital
Continent
Flags
Europe
Africa
Asia
South America
North America
Oceania
Border
Canada
United Kingdom
Topography
United States
Random Quiz
Search Sporcle
×
Quiz Lab
Quiz Lab
Geography
Letter
Type in answers that appear in a list
Type in answers that appear in a list
Classic
Best Score? Go Orange.
Counties Of England Stats
Can you name the counties of England?
By
JAMDAY
10m
39 Questions
3,595 Plays
3,595 Plays
3,595 Plays
Comments
Comments
Give Quiz Kudos
Give Quiz Kudos
-
- Ratings
hide this ad
Replay
Link that replays current quiz
Next Quiz
Link to next quiz in quiz playlist
You Got
0%
They Got
Avg Score
67%
Avg Friend Score
Upgrade to see
Score Distribution
Jump to the score distribution portion of the page
Score
0/39
Timer
10:00
0
Plays Today
First Letter
County
% Correct
Y
Yorkshire
90.2%
E
Essex
89.4%
S
Sussex
88.2%
D
Devon
87.3%
C
Cornwall
85.8%
K
Kent
84.4%
N
Norfolk
79.9%
H
Hampshire
77.4%
L
Lancashire
76.1%
S
Surrey
75.9%
B
Berkshire
75%
C
Cambridgeshire
74.9%
O
Oxfordshire
74.7%
S
Suffolk
74.6%
L
Leicestershire
73.8%
C
Cumberland (Cumbria)
73.7%
H
Hertfordshire
73.5%
B
Buckinghamshire
73%
L
Lincolnshire
72.8%
G
Gloucestershire
70.7%
First Letter
County
% Correct
S
Somerset
69%
D
Dorset
68.7%
H
Herefordshire
67.8%
D
Derbyshire
67.6%
N
Nottinghamshire
67.3%
B
Bedfordshire
67%
M
Middlesex
66.1%
D
Durham
65.8%
W
Warwickshire
65.1%
W
Worcestershire
64%
N
Northumberland
63.9%
C
Cheshire
62.1%
W
Wiltshire
58.6%
S
Shropshire
57.4%
R
Rutland
52.9%
S
Staffordshire
47.8%
N
Northhamptonshire
24.6%
H
Huntingdonshire
17.8%
W
Westmorland
17.6%
Quiz Playlist
Details
Report
Send in Message
Add To Playlist
Classic:
Type in answers that appear in a list
Last Updated: Mar 22, 2018
Quiz Scoreboard
CHALLENGE
Sign Up to Join the Scoreboard
Show All
Scores
Hide
Comments
May contain spoilers
Recently Published
Two Season TV Shows II
by 123Four
Television
10m
Image Sorting: Flags VI
by Barbecue
Geography
2m
Find the 'City' Movie
by crazypaving
Movies
60s
More to Explore
Quiz From the Vault
Featured Blog Post
14 Easter Pick-up Lines to Find Eggs With
hide this ad
You Might Also Like...
Tags
Letter Quiz
counties
England
last
Today's Top Quizzes in Geography
Browse Geography
hide this ad
Today's Top Quizzes in Letter
Browse Letter
Top Contributed Quizzes in Geography
1
Colored Red Europe Blitz I
2
Countries of the World - No Outlines Minefield
3
Colored Red Africa Blitz II
4
Colored Red Europe Blitz II
5
Colored Red Europe Blitz III
6
Colored Red Africa Blitz III
7
Colored Red States Blitz I
8
A Different View: World Oceans
9
Colored Red States Blitz II
10
Colored Red States Blitz III
Explore More
Trending Topics
Harry Potter
Crossword
Anime
NBA
Disney
Kpop
Marvel
Song
The Office
Soccer
NFL
WWE
Country
Pokémon
Puzzle
hide this ad
More By:
JAMDAY
Quiz
Plays
Rating
Category
Featured
Created
Counties Of England
3,595
1.47
Geography
Jul 30, 2010
Top 10 Countries by Population
555
3.33
Geography
Jul 31, 2010
Top 10 Most Common Pets
531
2.00
Miscellaneous
Aug 4, 2010
CTR: Crash Team Racing Characters
487
5.00
Gaming
Aug 19, 2010
Top 10 UK Cities By Population
376
3.57
Geography
Aug 3, 2010
Go to Creator's Profile
Score Distribution
Quiz Creator Spotlight
JAMDAY
Follow
Send a Message
Quizzes Created
-
Created Quiz Play Count
-
More By This Creator
Popular Quizzes Today
1
Find the US States - No Outlines Minefield
2
Colored Red Africa Blitz
3
Find the 'City' Movie
4
5x2 Blitz: Bands
5
The Countries of the World
6
Find the Countries of Europe - No Outlines Minefield
7
Find the US States
8
US States
More Geography Quizzes
4 to 13 Letter 'D' Places
Published
Trending Quizzes
Colored Red Europe Blitz I
Colored Red Africa Blitz II
Colored Red Europe Blitz II
Colored Red Africa Blitz III
Colored Red Europe Blitz III
Recently Updated
How Do You Spell That?
pecheneg
Godzilla Movies
pecheneg
Grab Bag: 4-10 Letters
pecheneg
2024 March Madness Bracket
pecheneg
Famous TV Couples
Peacemaker
Champions League XIs: Real Madrid
pecheneg
Largest US Cities 1790-2010
pecheneg
Rides in Walt Disney World
pecheneg
Most Oscar Losses (Acting)
pecheneg
Beyoncé Albums
pecheneg
Trending Topics
Anime
Marvel
Harry Potter
Disney
Kpop
NBA
Crossword
Pokémon
NFL
WWE
The Office
Song
Soccer
Puzzle
Country
Your Account Isn't Verified!
In order to create a playlist on Sporcle, you need to verify the email address you used during registration. Go to your
Sporcle Settings
to finish the process.
Report this User
Report this user for behavior that violates our
Community Guidelines
.
Details:
Send Report
Go to the Sporcle.com Mobile Site →
Comments